MARC details
| 000 -LEADER |
| fixed length control field |
02808cam a22003135a 4500 |
| 001 - CONTROL NUMBER |
| control field |
10786270 |
| 005 - DATE AND TIME OF LATEST TRANSACTION |
| control field |
20160523115654.0 |
| 008 - FIXED-LENGTH DATA ELEMENTS--GENERAL INFORMATION |
| fixed length control field |
130816s2014 enka frb f001 0 eng d |
| 020 ## - INTERNATIONAL STANDARD BOOK NUMBER |
| International Standard Book Number |
0521145813 (paperback) |
| 020 ## - INTERNATIONAL STANDARD BOOK NUMBER |
| International Standard Book Number |
9780521145817 (paperback) |
| 040 ## - CATALOGING SOURCE |
| Original cataloging agency |
DLC |
| Language of cataloging |
eng |
| Transcribing agency |
DLC |
| Modifying agency |
EG-ScBUE |
| -- |
EG-ScBUE |
| 082 04 - DEWEY DECIMAL CLASSIFICATION NUMBER |
| Classification number |
303.484 |
| Item number |
EDW |
| Edition number |
22 |
| 100 1# - MAIN ENTRY--PERSONAL NAME |
| Personal name |
Edwards, Gemma. |
| 9 (RLIN) |
39243 |
| 245 10 - TITLE STATEMENT |
| Title |
Social movements and protest / |
| Statement of responsibility, etc |
Gemma Edwards. |
| 260 ## - PUBLICATION, DISTRIBUTION, ETC. (IMPRINT) |
| Place of publication, distribution, etc |
Cambridge : |
| Name of publisher, distributor, etc |
Cambridge University Press, |
| Date of publication, distribution, etc |
2014. |
| 300 ## - PHYSICAL DESCRIPTION |
| Extent |
xiii, 284 p. : |
| Other physical details |
ill. ; |
| Dimensions |
23 cm. |
| 490 0# - SERIES STATEMENT |
| Series statement |
Key topics in sociology. |
| 500 ## - GENERAL NOTE |
| General note |
First published 2014. |
| 500 ## - GENERAL NOTE |
| General note |
Index : p. 273-284. |
| 504 ## - BIBLIOGRAPHY, ETC. NOTE |
| Bibliography, etc |
Bibliography : p. 249-272. |
| 505 8# - FORMATTED CONTENTS NOTE |
| Formatted contents note |
Machine generated contents note: 1. Introduction: conceptualising social movements; 2. 'From the mad to the sane': collective behaviour and its critics; 3. 'From the rational to the relational': resource mobilisation, organisation, and social movement networks; 4. 'From political processes to cultural processes': political opportunity, frames, and contentious politics; 5. 'From old to new social movements': capitalism, culture, and the reinvention of everyday life; 6. 'From national to global social movements': network movements, alternative globalisation, and new media; 7. 'From the pretty to the ugly': terrorism, social movement theory, and covert networks; 8. 'From collective behaviour to misbehaviour': redrawing the boundaries of political and cultural resistance; 9. Conclusion: the shifting terrain of social movement studies. |
| 520 ## - SUMMARY, ETC. |
| Summary, etc |
"This lively textbook integrates theory and methodology into the study of social movements, and includes contemporary case studies to engage students and encourage them to apply theories critically. A wide range of protest cases are explored, from American, European and global arenas, including contemporary examples of political violence and terrorism, alter-globalisation, social networking and global activism. Key chapter features encourage students to engage critically with the material: method points uncover the methodology behind the theories, helping students to understand the larger study of social movements; debate points highlight classic arguments in social movement studies, encouraging students to critically assess theoretical approaches; and case studies connect theories to cases, allowing students to relate key principles to real-world examples. A companion website offers additional student and instructor resources, including lecture slides and worksheets. |
| 650 #7 - SUBJECT ADDED ENTRY--TOPICAL TERM |
| Topical term or geographic name as entry element |
Social movements. |
| Source of heading or term |
BUEsh |
| 9 (RLIN) |
13465 |
| 650 #7 - SUBJECT ADDED ENTRY--TOPICAL TERM |
| Topical term or geographic name as entry element |
Social networks. |
| Source of heading or term |
BUEsh |
| 9 (RLIN) |
39218 |
| 650 #7 - SUBJECT ADDED ENTRY--TOPICAL TERM |
| Topical term or geographic name as entry element |
Globalization |
| General subdivision |
Social aspects. |
| Source of heading or term |
BUEsh |
| 9 (RLIN) |
27200 |
| 651 ## - SUBJECT ADDED ENTRY--GEOGRAPHIC NAME |
| Source of heading or term |
BUEsh |
| 653 ## - INDEX TERM--UNCONTROLLED |
| Resource For college |
BAEPS, Political Science |
| Arrived date list |
August2015 |
| -- |
January2016 |
| -- |
May2016 |
| 942 ## - ADDED ENTRY ELEMENTS (KOHA) |
| Source of classification or shelving scheme |
Dewey Decimal Classification |